Marki chipsów - Statystyki

Ogólne statystyki
  • Ten quiz został rozwiązany 114 razy
  • Średni wynik to 4 z 10
Statystyki odpowiedzi
Marki chipsów % Poprawnych
Lays
100%
Crunchips
69%
Cheetos
62%
Pringles
55%
Doritos
41%
Wiejskie ziemniaczki
31%
Top chips
29%
Przysnacki
25%
Chipsletten
15%
Star chips
12%
Nie znaleziono quizów pasujących do podanych kryteriów
Rozkład punktacji
Procent ludzi z każdym wynikiem
Percentyl według liczby udzielonych odpowiedzi
Twoja historia wyników
Nie rozwiązałeś tego quizu